Harper: bioquímica ilustrada

Saved in:
Bibliographic Details
Main Authors: Murray, Robert K. (autor), Granner, Daryl K (Author), Rodwell, Víctor W (Author)
Format: Book
Language:Spanish
Published: Ciudad de México El Manual Moderno 2007
Edition:17a. ed
Subjects:
Tags: Add Tag
No Tags, Be the first to tag this record!

MARC

LEADER 00000nam a2200000 a 4500
001 UCI8396
003 CL-VaPUC
005 20241210114401.0
008 080828e20070000MX |||||||||||||||||spa|d
999 |c 331305  |d 331303 
020 |a 970729258X 
040 |c Pontificia Universidad Católica de Valparaíso 
082 0 4 |a 572  |b MUR  |2 21 
100 |a Murray, Robert K.  |e autor  |9 306882 
245 1 0 |a Harper: bioquímica ilustrada 
250 |a 17a. ed 
260 |a Ciudad de México  |b El Manual Moderno  |c 2007 
300 |a 692 p 
583 |a last modification  |c 20080828 00:00:00  |k Rodrigo Vera 
650 0 |a Bioquímica   |9 259492 
650 0 |a Aminoácidos  |x Péptidos  |x Proteínas  |9 892590 
650 0 |a Carbohidratos  |x Lípidos   |9 892600 
650 0 |a Biosíntesis  |x Citogénesis  |9 892592 
650 0 |a Genética  |9 892593 
700 0 |a Granner, Daryl K  |e author  |9 531873 
700 0 |a Rodwell, Víctor W  |e author  |9 531874 
942 |c BK  |2 ddc 
945 |d 20080828 00:00:00  |a jtorresc 
952 |0 0  |1 0  |4 0  |6 572_000000000000000_MUR_2007  |7 0  |8 A  |9 417691  |a BIBCUR  |b BIBCUR  |d 2019-11-22  |i 4476174  |l 2  |o 572 MUR 2007  |p 4476174  |r 2025-04-22  |s 2024-04-25  |w 2019-11-22  |y BK  |k QUI 
952 |0 0  |1 0  |4 0  |6 572_000000000000000_MUR_2007  |7 0  |8 A  |9 417693  |a BIBCUR  |b BIBCUR  |d 2019-11-22  |i 4476190  |l 7  |m 1  |o 572 MUR 2007  |p 4476190  |r 2025-04-22  |s 2025-03-14  |w 2019-11-22  |y BK  |k QUI 
952 |0 0  |1 0  |4 0  |6 572_000000000000000_MUR_2007  |7 0  |8 A  |9 417694  |a BIBCUR  |b BIBCUR  |d 2019-11-22  |i 4476204  |l 1  |o 572 MUR 2007  |p 4476204  |r 2025-04-22  |s 2024-06-26  |w 2019-11-22  |y BK  |k QUI 
952 |0 0  |1 0  |4 0  |6 572_000000000000000_MUR_2007  |7 0  |8 A  |9 417695  |a BIBCUR  |b BIBCUR  |d 2019-11-22  |i 4476212  |l 5  |o 572 MUR 2007  |p 4476212  |r 2025-04-22  |s 2025-04-14  |w 2019-11-22  |y BK  |k QUI